Reference manual for UGC examinations : (Record no. 136862)
[ view plain ]
| 000 -LEADER | |
|---|---|
| fixed length control field | 00823nam a22002417a 4500 |
| 003 - CONTROL NUMBER IDENTIFIER | |
| control field | dpl |
| 005 - DATE AND TIME OF LATEST TRANSACTION | |
| control field | 20180820130945.0 |
| 008 - FIXED-LENGTH DATA ELEMENTS--GENERAL INFORMATION | |
| fixed length control field | 180820b xxu||||| |||| 00| 0 eng d |
| 010 ## - LIBRARY OF CONGRESS CONTROL NUMBER | |
| LC control number | B-217787 |
| 020 ## - INTERNATIONAL STANDARD BOOK NUMBER | |
| International Standard Book Number | 8188583529 |
| Terms of availability | 775.00 |
| 035 ## - SYSTEM CONTROL NUMBER | |
| System control number | B-217787, B-217797 |
| 037 ## - SOURCE OF ACQUISITION | |
| Stock number | Cen Lib / Ret |
| 040 ## - CATALOGING SOURCE | |
| Original cataloging agency | DPL |
| Language of cataloging | EN |
| Transcribing agency | 0 |
| 082 ## - DEWEY DECIMAL CLASSIFICATION NUMBER | |
| Classification number | 150 |
| Item number | REF |
| 245 ## - TITLE STATEMENT | |
| Title | Reference manual for UGC examinations : |
| Remainder of title | NET, SLET, JRF and other UPSC competitive tests Psychology / |
| 260 ## - PUBLICATION, DISTRIBUTION, ETC. (IMPRINT) | |
| Place of publication, distribution, etc | New Delhi |
| Name of publisher, distributor, etc | Reference Press |
| Date of publication, distribution, etc | 2004 |
| 270 ## - ADDRESS | |
| Address | 4831/24 Ansari Road Darya Ganj |
| City | New Delhi |
| Postal code | 110002 |
| 300 ## - PHYSICAL DESCRIPTION | |
| Extent | 403p |
| Other physical details | 24cm(Hb) |
| 650 ## - SUBJECT ADDED ENTRY--TOPICAL TERM | |
| Topical term or geographic name as entry element | Commerce -- Examinations -- Study guides. |
| 650 ## - SUBJECT ADDED ENTRY--TOPICAL TERM | |
| Topical term or geographic name as entry element | Commerce -- Examinations, questions, etc. |
| 650 ## - SUBJECT ADDED ENTRY--TOPICAL TERM | |
| Topical term or geographic name as entry element | Examinations -- India -- Study guides. |
| 942 ## - ADDED ENTRY ELEMENTS (KOHA) | |
| Source of classification or shelving scheme | Dewey Decimal Classification |
| Koha item type | English Books |
| Classification part | 150 |
| Call number suffix | REF |
| Withdrawn status | Lost status | Source of classification or shelving scheme | Damaged status | Not for loan | Home library | Current library | Date acquired | Source of acquisition | Cost, normal purchase price | Total Checkouts | Full call number | Barcode | Date last seen | Copy number | Cost, replacement price | Price effective from | Koha item type | Collection code | Date checked out |
|---|---|---|---|---|---|---|---|---|---|---|---|---|---|---|---|---|---|---|---|
| Dewey Decimal Classification | Central Library | Central Library | 11/03/2016 | Cen Lib/Ret | 775.00 | 150 REF | B-217787 | 11/03/2016 | 1 | 775.00 | 11/03/2016 | English Books | |||||||
| Dewey Decimal Classification | Shahdara Branch | Shahdara Branch | 20/08/2018 | BPPD/PUB | 775.00 | 2 | 150 REF | B-217797 | 13/11/2021 | 775.00 | 20/08/2018 | English Books | Non-fiction | 11/11/2021 |
